| 000 | 00940nam a2200205Ia 4500 | ||
|---|---|---|---|
| 999 |
_c38951 _d38951 |
||
| 001 | 5390 | ||
| 003 | GE_BSU | ||
| 005 | 20190607213949.0 | ||
| 008 | 181216s1989||||ge |||||||||||||| ||geo|| | ||
| 040 | _cGE_BSU | ||
| 041 | _ageo | ||
| 080 | _a621.18(076) ყ-57 | ||
| 100 |
_aყიფშიძე, მ. _92318 |
||
| 245 |
_aსამრეწველო საწარმოთა საქვაბე დანადგარები : დამხმ.სახელმძღვ. / _cმ.ყიფშიძე ; რედ : მ.ძიძიგური. |
||
| 264 |
_aთბილისი : _bსპი, _c1989. |
||
| 300 |
_a148 გვ .: _b63 ილ; _c18 სმ. _eცხრ.4, ლიტ.დას.6. |
||
| 653 | _aსამრეწველო საწარმოთა საქვაბე დანადგარები | ||
| 700 |
_aძიძიგური, მ _eრედაქტორი _9472 |
||
| 942 |
_cBK _2udc |
||